00939nam a2200217 a 450000100100000000500170001000800410002704000250006808200220009310000390011524500510015425000110020526000450021630000350026150400270029604900090032395201260033295201200045895201260057899900170070400002922020200930055415.0110414s2004 dr ac 000 0 spa d aDO-SdBNPbspacBNPHU axxxxbM375a, 20041 aMarte Pérez, Delio Anibal95611710aAquel atardecer /cDelio Anibal Marte Pérez. a3a ed. aPuerto Plata :bImprenta Acevedo,c2004. a39 p. :bil., retrs. ;c18 cm. aBibliografía : p. 39 aBNPD 0010718DSaGRbGRcCTd2011-04-14iLF1l0oxxxx M375a, 2004p29220-30r2020-06-25te. 3w2020-06-25yLFDSZNo se presta 0010718PDaPDbPDcCTd2011-04-14iLF1l0oxxxx M375a, 2004p29220-10r2020-06-25w2020-06-25yLFPDZNo se presta 0010718PDaPDbPDcCTd2011-04-14iLF1l0oxxxx M375a, 2004p29220-20r2020-06-25te. 2w2020-06-25yLFPDZNo se presta c28712d28712